000 00364nam a22001577a 4500
003 MPLRDC
005 20220104142517.0
008 210129b ||||| |||| 00| 0 eng d
082 _a857.7 YQ v.145
100 _a严沁
245 _a白云无尽时
_c
260 _a
_b创作月刊社
_c
300 _b
650 _a长篇小说
942 _cBK
_o857.7 YQ v.145
999 _c31473
_d31463